New Education Regulations/ (Record no. 207696)

MARC details
000 -LEADER
fixed length control field 00608nam a22001937a 4500
005 - DATE AND TIME OF LATEST TRANSACTION
control field 20241213150859.0
010 ## - LCCN (DPL NO)
LC control number ENG-143052
020 ## - INTERNATIONAL STANDARD BOOK NUMBER
Terms of availability 499.00
International Standard Book Number 9789392568763
035 ## - SYSTEM CONTROL NUMBER
System control number EN-126584
037 ## - SOURCE OF ACQUISITION
Source of stock number/acquisition DBAD/PUB
082 ## - DEWEY DECIMAL CLASSIFICATION NUMBER
Classification number 615.321
100 ## - MAIN ENTRY--PERSONAL NAME
Personal name Shridhar,R
245 ## - TITLE STATEMENT
Title New Education Regulations/
Statement of responsibility, etc R Shridhar and Mariyam Ahmed
260 ## - PUBLICATION, DISTRIBUTION, ETC. (IMPRINT)
Place of publication, distribution, etc Chhattisgarh
Name of publisher, distributor, etc Aditi Publication
270 ## - ADDRESS
City Chhattisgarg
Address Opp. New Panchajanya Vidya Mandir, Near Trianga Chowk
Telephone number 9425210308
300 ## - PHYSICAL DESCRIPTION
Extent 140p.
Dimensions 21cm(bpk)
700 ## - ADDED ENTRY--PERSONAL NAME
Personal name Mariyam Ahmed
9 (RLIN) 75166
942 ## - ADDED ENTRY ELEMENTS (KOHA)
Source of classification or shelving scheme Dewey Decimal Classification
Item type English Books
Classification part 615.321
Call number suffix SHR
Holdings
Withdrawn status Lost status Not for loan Collection code Home library Current library Date acquired Source of acquisition Cost, normal purchase price Full call number Barcode Copy number Cost, replacement price Koha item type
      Non-fiction Central Library Central Library 13/12/2024 DBAD 499.00 615.321 SHR EN-126584 1 499.00 English Books

© Delhi Public Library
Hit Counter
free hit counter